| Tag |
First Indicator |
Second Indicator |
Subfields |
| LEADER |
00000cam a2200000 i 4500 |
| 001 |
in00000577307 |
| 005 |
20220103134331.0 |
| 007 |
cr unu a |
| 008 |
851012s1983 xx a b 00010 eng d |
| 035 |
|
|
|9 ACM7254AM
|
| 035 |
|
|
|a (OCoLC)12670226
|
| 040 |
|
|
|a TXA
|c TXA
|d UtOrBLW
|
| 049 |
|
|
|a TXAZ [Also in] [Archives]
|c 1 [1810324], 2 [1810325]
|
| 099 |
|
|
|a 1983
|a Thesis
|a P613
|
| 100 |
1 |
|
|a Piemsomboon, Pornchai,
|d 1956-
|
| 245 |
1 |
0 |
|a Performance of vaned radial diffusers /
|c by Pornchai Piemsomboon.
|
| 264 |
|
1 |
|a [Place of publication not identified] :
|b [publisher not identified] ;
|c 1983.
|
| 300 |
|
|
|a xiv, 80 leaves :
|b illustrations ;
|c 29 cm.
|
| 336 |
|
|
|a text
|b txt
|2 rdacontent
|
| 337 |
|
|
|a computer
|b c
|2 rdamedia
|
| 338 |
|
|
|a online resource
|b cr
|2 rdacarrier
|
| 500 |
|
|
|a "Major subject: Mechanical Engineering."
|
| 500 |
|
|
|a Typescript (photocopy).
|
| 500 |
|
|
|a Vita.
|
| 502 |
|
|
|b M.S.
|c Texas A&M University
|d 1983.
|
| 504 |
|
|
|a Bibliography: leaves 75-77.
|
| 530 |
|
|
|a Also available online.
|
| 650 |
|
0 |
|a Compressors
|x Blades.
|
| 650 |
|
0 |
|a Diffusers
|x Fluid dynamics.
|
| 650 |
|
4 |
|a Major mechanical engineering.
|
| 856 |
4 |
1 |
|u https://hdl.handle.net/1969.1/ETD-TAMU-1983-THESIS-P613
|z Link to OAKTrust copy
|t 0
|
| 999 |
|
|
|a MARS
|
| 999 |
f |
f |
|s 4679428d-28d6-3645-88e5-dc1e6ac9ddc5
|i e200346f-3657-362e-954e-c62db8e2b7b5
|t 0
|
| 952 |
f |
f |
|p noncirc
|a Texas A&M University
|b J.J. Pickle Campus
|c High Density Repository
|s HDR
|d Remote Storage
|t 0
|e 1983 Thesis P613
|h Other scheme
|i computer -- online resource
|m A14841011295
|
| 952 |
f |
f |
|a Texas A&M University
|b College Station
|c Electronic Resources
|s www_evans
|d Available Online
|t 0
|e 1983 Thesis P613
|h Other scheme
|
| 998 |
f |
f |
|a 1983 Thesis P613
|t 0
|l Available Online
|
| 998 |
f |
f |
|a 1983 Thesis P613
|t 0
|l Remote Storage
|